000 00275nam a22001217a 4500
008 230620b xxu||||| |||| 00| 0 eng d
082 _a316.76
_bCBS
100 _cCBS
245 _aStatistical Abstract 1999
260 _aKenya
_bKNBS
_c1999
300 _a335p
942 _2ddc
_cBK
999 _c1481
_d1481